000 00858nam a22002897a 4500
001 BR0903853
003 BR-BrBNA
005 20230928103045.0
007 ta
008 230509b bl.||||| |||| 00| 0 por d
040 _aBR-BrBNA
_bpor
_cBiblioteca Nacional de Agricultura
041 _a(Por)
072 _aE14; M12
_b3410
090 _ 3410 BR0903853
100 1 _aDias, G.M.
245 1 _aEstratégias de produção e marketing para algas e ficocolóides; projeto TCP/BRA/0065 cultivo de algas em pequena escala no nordeste do Brasil
260 3 _aSão Paulo, SP (Brasil):
_c[nd].
300 _a42 p.
650 _aALGA
650 _aPLANTA AQUÁTICA
650 _aPROJETO DE DESENVOLVIMENTO
650 _aPRODUÇÃO PESQUEIRA
650 _aCOMERCIALIZAÇÃO
650 _aNORDESTE
909 _a202309
_bLucia
_c55
_dLucia Elande
942 _cBK
999 _c73533
_d73533